Tilt the Iceberg: (Record no. 175676)
[ view plain ]
| 000 -LEADER | |
|---|---|
| fixed length control field | 00638nam a22001937a 4500 |
| 005 - DATE AND TIME OF LATEST TRANSACTION | |
| control field | 20200914153105.0 |
| 010 ## - LCCN (DPL NO) | |
| LC control number | ENG-128435 |
| 020 ## - INTERNATIONAL STANDARD BOOK NUMBER | |
| Terms of availability | 250.00 |
| International Standard Book Number | 9789389604832 |
| 035 ## - SYSTEM CONTROL NUMBER | |
| System control number | EN-111967 |
| 037 ## - SOURCE OF ACQUISITION | |
| Source of stock number/acquisition | DBAD/PUB |
| 082 ## - DEWEY DECIMAL CLASSIFICATION NUMBER | |
| Classification number | 658.4092 |
| 100 ## - MAIN ENTRY--PERSONAL NAME | |
| Personal name | Philip, Vasanthan |
| 245 ## - TITLE STATEMENT | |
| Title | Tilt the Iceberg: |
| Remainder of title | Modern Leadership Success Strategies Revealed/ |
| Statement of responsibility, etc | by Vasanthan Philip |
| 260 ## - PUBLICATION, DISTRIBUTION, ETC. (IMPRINT) | |
| Place of publication, distribution, etc | Chennai |
| Name of publisher, distributor, etc | BUUKS |
| Date of publication, distribution, etc | 2019 |
| 270 ## - ADDRESS | |
| Address | JVL Plaza, 4th Floor, 501, Anna Salai Teynampet, |
| City | Chennai |
| Postal code | 600 018 |
| Telephone number | 044-4992727 |
| Electronic mail address | hello@buuks.com |
| 300 ## - PHYSICAL DESCRIPTION | |
| Extent | 218p. |
| Dimensions | 21cm(pbk) |
| 500 ## - GENERAL NOTE | |
| General note | Includes Notes |
| 942 ## - ADDED ENTRY ELEMENTS (KOHA) | |
| Source of classification or shelving scheme | Dewey Decimal Classification |
| Item type | English Books |
| Classification part | 658.4092 |
| Call number suffix | PHI |
| Withdrawn status | Lost status | Not for loan | Collection code | Home library | Current library | Date acquired | Source of acquisition | Cost, normal purchase price | Full call number | Barcode | Cost, replacement price | Koha item type |
|---|---|---|---|---|---|---|---|---|---|---|---|---|
| Non-fiction | Ashok Vihar | Ashok Vihar | 14/09/2020 | DBAD/PUB | 250.00 | 658.4092 PHI | EN-111967 | 250.00 | English Books |
